header

Searching for peace (Record no. 11685)

MARC details
000 -LEADER
fixed length control field 01480nam a22003734a 4500
082 04 - DEWEY DECIMAL CLASSIFICATION NUMBER
Classification number 327.1/72
100 1# - MAIN ENTRY--AUTHOR NAME
Personal name Galtung, Johan.
245 10 - TITLE STATEMENT
Title Searching for peace
260 ## - PUBLICATION, DISTRIBUTION, ETC. (IMPRINT)
Place of publication London ;
-- Sterling, Va. :
Name of publisher Pluto Press in association with TRANSCEND,
Year of publication 2000.
300 ## - PHYSICAL DESCRIPTION
Number of Pages viii, 290 p.
490 1# - SERIES STATEMENT
Series statement Peace by peaceful means
650 #0 - SUBJECT ADDED ENTRY--TOPICAL TERM
Topical Term Peace.
Topical Term Conflict management.
Topical Term War
700 1# - ADDED ENTRY--PERSONAL NAME
Personal name Jacobsen, C. G.
Personal name Brand-Jacobsen, Kai Frithjof.
Personal name Tschudi, Finn.
856 40 - ELECTRONIC LOCATION AND ACCESS
Uniform Resource Identifier http://site.ebrary.com/lib/rucke/Doc?id=10015414

No items available.

© 2026 Rongo University
Contact us: librarian | system librarian | Rongo university